[Event "Krakow op-B 19th"]
[Site "Krakow"]
[Date "2008.12.27"]
[Round "1"]
[White "Kasprzyk, Zbigniew"]
[Black "Janiszewski, Maciej"]
[Result "0-1"]
[WhiteElo "1829"]
[BlackElo "2099"]
[PlyCount "50"]
[EventDate "2008.12.26"]
[EventType "swiss"]
[EventRounds "9"]
[EventCountry "POL"]
[SourceTitle "CBM 128 Extra"]
[Source "ChessBase"]
[SourceDate "2009.03.05"]
[SourceVersion "2"]
[SourceVersionDate "2009.03.25"]
[SourceQuality "1"]

1. d4 d5 2. c4 e5 3. dxe5 d4 4. g3 Nc6 5. Nf3 Bg4 6. Bg2 Qd7 7. 0-0 0-0-0 8. Nbd2 Nge7 9. b4 Ng6 10. b5 Ncxe5 11. Qa4 Kb8 12. Nxe5 Nxe5 13. Re1 Bh3 14. Nf3 Nxf3+ 15. Bxf3 h5 16. Qc2 h4 17. Qe4 Qc8 18. Bf4 Bf5 19. Bxc7+ Kxc7 20. Qe5+ Bd6 21. Qxd4 Kb8 22. b6 a6 23. Qc3 hxg3 24. hxg3 Qc5 25. e3 Be5 0-1

[Event "Krakow op-C"]
[Site "Krakow"]
[Date "2005.12.29"]
[Round "3"]
[White "Platek, Albert"]
[Black "Kasprzyk, Zbigniew"]
[Result "1/2-1/2"]
[WhiteElo "1600"]
[BlackElo "1600"]
[PlyCount "95"]
[EventDate "2005.12.27"]
[EventType "swiss"]
[EventRounds "9"]
[EventCountry "POL"]
[SourceTitle "CBM 110 Extra"]
[Source "ChessBase"]
[SourceDate "2006.03.10"]
[SourceVersion "2"]
[SourceVersionDate "2006.03.10"]
[SourceQuality "1"]

1. e4 g6 2. d4 Bg7 3. Nc3 d6 4. Bg5 Nf6 5. f4 0-0 6. Nf3 c5 7. d5 Qa5 8. Qd2 a6 9. e5 Re8 10. 0-0-0 dxe5 11. fxe5 Ng4 12. Re1 Nd7 13. e6 fxe6 14. Rxe6 Bxc3 15. Qxc3 Qxc3 16. bxc3 Ndf6 17. Re2 Nxd5 18. h3 Ngf6 19. c4 Nc3 20. Re3 Nce4 21. Bh4 Bd7 22. Bd3 Nc3 23. Bxf6 exf6 24. Rxe8+ Rxe8 25. Kb2 Ne2 26. Rd1 Nf4 27. Bxg6 Nxg6 28. Rxd7 Re7 29. Rd8+ Kf7 30. Rd5 Nf4 31. Rxc5 Nxg2 32. Nd4 Nf4 33. Nf5 Rd7 34. h4 Kg6 35. Ng3 Kf7 36. Kb3 Ne6 37. Rh5 Kg6 38. Ra5 b6 39. h5+ Kf7 40. Ra3 a5 41. Ka4 Rd2 42. Rc3 Nd4 43. Rd3 Rxd3 44. cxd3 Ke6 45. c5 bxc5 46. Kxa5 f5 47. Kb6 f4 48. Ne4 1/2-1/2